000 01018nam a2200217 a 4500
001 000038543
005 20201002031305.0
008 130415s1999 dr ad 000 0 spa d
040 _aDO-SdBNP
_bspa
_cBNPHU
082 _a338.46
_bB213i
110 1 _aBanco Central de la República Dominicana.
_bInstituto Dominicano de Tecnología Industrial
_964879
245 1 0 _aInforme sobre las principales actividades de servicios :
_bperíodo 1996-1998.
260 _aSanto Domingo :
_bInstituto Dominicano de Tecnología Industrial,
_c1999.
300 _a27 p. :
_bil., gráfcs. ;
_c29 cm.
590 _aInventariado,2018/DG
650 4 _aIndustria
_xInnovaciones tecnológicas
_zRepública Dominicana
_xMemorias e informes
_964880
650 4 _aGestión pública
_zRepública Dominicana
_xMemorias e informes
_964881
651 4 _aRepública Dominicana
_xAdministración Pública
_xMemorias E Informes
_91286
710 2 _aInstituto Dominicano de Tecnología Industrial (INDOTEC)
_953382
910 _aValidado. Control de calidad EMS
999 _c38033
_d38033